Crock-pot, the original slow cooker : (Record no. 1843)

MARC details
000 -LEADER
fixed length control field 01737cam a2200433 i 4500
001 - CONTROL NUMBER
control field data
005 - DATE AND TIME OF LATEST TRANSACTION
control field 20260322212120.0
008 - FIXED-LENGTH DATA ELEMENTS--GENERAL INFORMATION
fixed length control field data
035 ## - SYSTEM CONTROL NUMBER
System control number 20463658
010 ## - LIBRARY OF CONGRESS CONTROL NUMBER
LC control number 2017449858
020 ## - INTERNATIONAL STANDARD BOOK NUMBER
International Standard Book Number 9781640301221
020 ## - INTERNATIONAL STANDARD BOOK NUMBER
International Standard Book Number 1640301224
035 ## - SYSTEM CONTROL NUMBER
System control number (OCoLC)1035161694
040 ## - CATALOGING SOURCE
Original cataloging agency CIB
Language of cataloging eng
Transcribing agency CIB
Description conventions rda
Modifying agency DLC
-- DLC
042 ## - AUTHENTICATION CODE
Authentication code lccopycat
050 00 - LIBRARY OF CONGRESS CALL NUMBER
Classification number TX716.M4
Item number C754 2017
082 00 - DEWEY DECIMAL CLASSIFICATION NUMBER
Classification number 641.5972
Edition information 23/eng/20220623
245 00 - TITLE STATEMENT
Title Crock-pot, the original slow cooker :
Remainder of title Mexican slow cooking.
246 3# - VARYING FORM OF TITLE
Title proper/short title Crockpot the original slow cooker
246 30 - VARYING FORM OF TITLE
Title proper/short title Mexican slow cooking
264 #1 - PRODUCTION, PUBLICATION, DISTRIBUTION, MANUFACTURE, AND COPYRIGHT NOTICE
Place of production, publication, distribution, manufacture Morton Grove, IL :
Name of producer, publisher, distributor, manufacturer Publications International, Ltd.,
Date of production, publication, distribution, manufacture, or copyright notice [2017]
264 #4 - PRODUCTION, PUBLICATION, DISTRIBUTION, MANUFACTURE, AND COPYRIGHT NOTICE
Date of production, publication, distribution, manufacture, or copyright notice ©2017
300 ## - PHYSICAL DESCRIPTION
Extent 192 pages :
Other physical details color illustrations ;
Dimensions 25 cm
336 ## - CONTENT TYPE
Content type term text
Content type code txt
Source rdacontent
337 ## - MEDIA TYPE
Media type term unmediated
Media type code n
Source rdamedia
338 ## - CARRIER TYPE
Carrier type term volume
Carrier type code nc
Source rdacarrier
500 ## - GENERAL NOTE
General note Includes index.
520 ## - SUMMARY, ETC.
Summary, etc. Crock-Pot slow cookers can help you make the most of your day and still enjoy mealtime with your family. Treat yourself to the rich, colorful cuisine of Mexico with more than 90 recipes for appetizers, soups, stews and chiles, meat-packed meals, vegetarian favorites, side dishes, desserts and drinks.
650 #0 - SUBJECT ADDED ENTRY--TOPICAL TERM
Topical term or geographic name entry element Cooking, Mexican.
650 #0 - SUBJECT ADDED ENTRY--TOPICAL TERM
Topical term or geographic name entry element Electric cooking, Slow.
650 #0 - SUBJECT ADDED ENTRY--TOPICAL TERM
Topical term or geographic name entry element Cooking.
650 #7 - SUBJECT ADDED ENTRY--TOPICAL TERM
Topical term or geographic name entry element Cooking.
Source of heading or term fast
Authority record control number or standard number (OCoLC)fst01754966
650 #7 - SUBJECT ADDED ENTRY--TOPICAL TERM
Topical term or geographic name entry element Cooking, Mexican.
Source of heading or term fast
Authority record control number or standard number (OCoLC)fst01753395
650 #7 - SUBJECT ADDED ENTRY--TOPICAL TERM
Topical term or geographic name entry element Electric cooking, Slow.
Source of heading or term fast
Authority record control number or standard number (OCoLC)fst01754942
710 2# - ADDED ENTRY--CORPORATE NAME
Corporate name or jurisdiction name as entry element Publications International, Ltd.,
Relator term publisher.
906 ## - LOCAL DATA ELEMENT F, LDF (RLIN)
a 7
b cbc
c copycat
d 2
e ncip
f 20
g y-gencatlg
925 0# -
-- acquire
-- 1 shelf copy
-- policy default
955 ## - COPY-LEVEL INFORMATION (RLIN)
-- xm09 2022-06-23
Holdings
Withdrawn status Lost status Damaged status Not for loan Home library Current library Shelving location Date acquired Total checkouts Full call number Barcode Date last seen Price effective from Koha item type
        Centerville Centerville General stacks 22/03/2026   641.5972 LOC-CPL-00011 22/03/2026 22/03/2026 Books